| 000 | 00528nam a2200169Ia 4500 | ||
|---|---|---|---|
| 008 | 090201s9999 xx 000 0 und d | ||
| 010 | _aKPL-16631 | ||
| 040 | _bमराठी | ||
| 041 | _aमराठी | ||
| 082 |
_a40651 _b16631 |
||
| 100 | _aसुमति क्षेत्रमाडे | ||
| 245 |
_aयुगंधरा _cसुमति क्षेत्रमाडे |
||
| 260 |
_c2004 _bके वा जोशी |
||
| 300 |
_a440 _bमोठा |
||
| 600 | _aयुगंधरा | ||
| 942 | _cBOOK | ||
| 999 |
_c237885 _d237885 |
||